Taylor Swift - Paroles Lavender Haze - Statistiques

Statistiques générales
  • Ce quiz a été pris 117 fois
  • Le résultat moyen est 260 sur 306
Statistiques - réponses
Hint Réponse % Correct
a
100%
me
100%
me)
100%
Pré-refrain | Refrain I
99%
(I
99%
My
99%
my
99%
the
99%
The
99%
you
99%
You
99%
haze
96%
haze,
96%
lavender
96%
at
95%
in
95%
Intro Meet
95%
midnight
95%
on
94%
do
92%
Oh,
92%
oh,
92%
(oh,
92%
to
92%
be
91%
go
90%
if
90%
just
90%
don't
88%
feel
88%
feel)
88%
Get
88%
(get
88%
I'm
88%
say
88%
that
88%
Post-refrain That
88%
wanna
88%
is
87%
Is
87%
it
87%
of
87%
too
87%
(yeah,
87%
yeah)
87%
your
87%
much
86%
stay
86%
up
86%
what
86%
with
86%
All
85%
(all
85%
people
85%
creepin'
83%
they
83%
chest
82%
damn
82%
gonna
82%
No
82%
(no
82%
this
82%
askin'
81%
desk
81%
desk)
81%
see
81%
see)
81%
give
79%
off
79%
want
79%
girl
78%
keep
78%
love
78%
need
78%
from
77%
only
77%
(only
77%
shit
77%
And
76%
and
76%
Bridge Talk
76%
talk
76%
viral
76%
bride
74%
kind
74%
one
74%
Couplet 1 Starin'
74%
spiral
73%
wife
73%
night
72%
But
69%
ceilin'
69%
damned
69%
history
69%
into
69%
or
69%
really
68%
been
67%
find
67%
even
65%
Pré-refrain I've
65%
new
65%
ever
64%
listening
64%
melancholia
64%
deal,
62%
deal
62%
deal),
62%
read
62%
Surreal,
62%
beautifully
53%
under
51%
1950s
50%
handle
49%
They're
49%
bringin'
47%
dizzying
47%
scrutiny
47%
aren't
24%
Aucun quiz correspondant
Distribution des résultats
% des personnes avec chaque résultat
Percentile par nombre de réponses
Votre historique - résultats
Vous n’avez pas pris ce quiz